000 00699nam a2200289Ia 4500
005 20260324125720.0
008 008 260324s9999 xx 000 0 eng d
020 _a9780203893272
037 _aEBOOK
040 _aCRL
040 _beng
040 _cCRL
041 _2eng
041 _aeng
084 _qCRL
100 _aBrian McNeill; Jose M. Cervantes
_91179036
245 0 _aLatina/o Healing Practices
245 0 _bMestizo and Indigenous Perspectives
260 _bTaylor and Francis
260 _c2008
365 _a
365 _b220
856 _uhttp://www.taylorfrancis.com/books/9780203893272
942 _cEBOOK
999 _c1774551
_d1774551